Power etiquette: what you don't know can kill your career

Na minha lista:
Detalhes bibliográficos
Autor principal: Casperson, Dana May (Autor)
Formato: Livro
Idioma:inglês
Publicado em: Nueva York Amacom 1999
Assuntos:
Tags: Adicionar Tag
Sem tags, seja o primeiro a adicionar uma tag!

MARC

LEADER 00000nam a2200000 a 4500
001 UCO1425
003 CL-VaPUC
008 000512e19990000US |||||||||||||||||eng|d
082 0 4 |a 395.52  |b CAS  |2 21 
100 0 |a Casperson, Dana May  |e author  |9 443522 
245 1 0 |a Power etiquette: what you don't know can kill your career 
300 |a 195 p 
942 |c BK 
945 |d 20000512 00:00:00  |a vberengu 
260 |a Nueva York  |b Amacom  |c 1999 
650 0 |a Costumbres y tradiciones   |9 268292 
650 7 |a ETIQUETA  |2 CL-VaPUC  |9 439545 
650 7 |a MODALES  |2 CL-VaPUC  |9 443523 
583 |a last modification  |c 20000512 00:00:00  |k Rodrigo Vera 
999 |c 288046  |d 288044 
952 |0 0  |1 0  |4 0  |6 395_520000000000000_CAS_1999  |7 0  |8 A  |9 335236  |a BIBING  |b BIBING  |d 2019-11-20  |i 3602990  |o 395.52 CAS 1999  |p 3602990  |r 2025-01-20  |w 2019-11-20  |y BK  |k EIQ